| 000 | 00963nas a2200289 4500 | ||
|---|---|---|---|
| 001 | BR9500850 | ||
| 003 | BR-BrBNA | ||
| 005 | 20231205094245.0 | ||
| 007 | ta | ||
| 008 | 230509b bl.|||p| |||| 00| 00por d | ||
| 040 |
_aBR-BrBNA _bpor _cBiblioteca Nacional de Agricultura |
||
| 041 | _a(Pt) | ||
| 072 | _aL73 | ||
| 100 | 1 | _aSouza, V.T.F. de | |
| 100 | 1 | _aChquiloff, M.A. de G. | |
| 100 | 1 | _aNunes, V.A. | |
| 245 | 1 | _aAspectos morfologicos do femur, do umero e de vertebras lombares em bovinos jovens afetados de "doenca periodontal": 2. Achados microrradiograficos | |
| 650 | _aBovino | ||
| 650 | _aCara Inchada | ||
| 650 | _aDoenca Animal | ||
| 650 | _aMato Grosso do Sul | ||
| 650 | _aGoias | ||
| 650 | _aMinas Gerais | ||
| 773 | 0 |
_tArquivos da Escola de Medicina Veterinaria da Universidade Federal da Bahia (Brazil) _xISSN 0100-2597 _g(1992), v. 15(1) p. 51-59 _wBR9500850 |
|
| 909 |
_a202311 _bLúcia _c55 _dLúcia Elande |
||
| 942 |
_2AGRIS _n0 _cANA |
||
| 999 |
_c143135 _d143135 |
||